[Event "Stay Safe Play From Home"]
[Site "T#646156Emanuel Laske"]
[Date "2020.05.18"]
[Round "2"]
[White "Lazieri3"]
[Black "Panini-Peter"]
[Result "0-1"]
[WhiteElo "2063"]
[BlackElo "2060"]
[Annotator "TA"]
[PlyCount "86"]
[EventDate "2020.05.18"]
[EventType "swiss (blitz)"]

{[%evp 14,86,-8,-36,106,8,41,-26,10,3,62,60,79,72,77,76,87,59,87,66,66,8,59,54,62,59,77,29,44,51,56,32,387,63,151,35,227,35,72,43,292,282,225,0,29,0,302,301,294,297,291,71,157,56,31,-241,-234,-222,-210,-227,0,-29994,-29988,-29995,-1101,-266,0,-29995,0,-29995,-29996,-29997,-29970,-29970,-1378]} 1. e4 e6 2. Nc3 d5 3. Nf3 Nf6 4. e5 Nfd7 5. d4 c5 6. dxc5 Nc6 7. Bf4 Bxc5 {7...Nxc5 deserves study.} 8. Bd3 O-O {[#] C11: French: Classical System: 4 e5 and 4 Bg5 dxe4.} (8... a6 $15 {stays ahead.}) 9. O-O {[#]} (9. Bxh7+ $1 $16 {[%mdl 512]} Kh8 (9... Kxh7 10. Ng5+) 10. Bd3) 9... g6 $146 ({Predecessor:} 9... f6 10. exf6 Rxf6 11. Bg5 e5 12. Bxf6 Qxf6 13. Nxd5 Qe6 14. Nc7 Qg4 15. Nxa8 e4 16. Bc4+ {1-0 (47) Di Simoni,R (1468)-Pinheiro,E (1743) Itajai 2017}) 10. Bh6 (10. Qd2 $14) 10... Re8 {Black has an edge.} 11. Re1 Bf8 (11... Qc7 $11) 12. Bxf8 Kxf8 13. Qd2 Kg7 14. h4 h5 15. g3 Qc7 {[%cal Rd7e5]} 16. Qf4 a6 17. Re2 (17. a3 $14) 17... b5 ({Better is} 17... Qb6 $11 18. Nd1 (18. Ng5 Rf8 $11) 18... Rf8) 18. a3 Bb7 19. Rae1 Re7 20. Nd1 Rf8 21. c3 Nc5 22. Bc2 Na5 $2 {[%mdl 8192]} (22... f6 $14) 23. Ne3 $2 (23. b4 $18) 23... Nc4 $1 $14 24. Nxc4 (24. g4 $1 $16 Rg8 25. gxh5 gxh5 26. Kf1) 24... bxc4 $2 (24... dxc4 $14 25. Nd4 Kg8) 25. Nd4 $2 ({White must play} 25. Qf6+ $1 $18 Kg8 26. g4 $1 {[%mdl 512]}) 25... Nd7 26. Qg5 Nc5 $2 (26... Ree8 $14) 27. Qf6+ $18 Kg8 {[#]} 28. Nf3 $2 ({White should try} 28. g4 $1 $18 {[%mdl 512] Strongly threatening gxh5.} Ree8 (28... hxg4 29. h5) 29. gxh5) 28... Qd8 $11 29. Qg5 {aiming for Qh6.} Rd7 $2 {[%mdl 8192]} (29... Kg7 $1 $11 {and Black is okay.}) 30. Qh6 $18 f5 31. exf6 ({Resist} 31. Qxg6+ $6 Rg7 $18) 31... Qxf6 32. Ng5 $2 (32. Ne5 $18 {and the rest is easy.} Rh7 33. Qxg6+ Qxg6 34. Nxg6 (34. Bxg6 Rh6 $16)) 32... Ne4 (32... Rg7 $142) 33. Bxe4 (33. Rd1 $16 Rg7 34. Nxe4 dxe4 35. Qe3) 33... dxe4 $14 34. Nxe4 $2 {[%mdl 8192]} (34. Rd2 $14 {keeps the upper hand.}) 34... Bxe4 $19 35. Rxe4 {And now Rf4 would win.} Qxf2+ {[%mdl 64] Double Attack} 36. Kh1 Qf3+ $2 ({Black should play} 36... Qxg3 $19 {( -> ...Rf2)} 37. Rxe6 Qxh4+ 38. Kg1 Qg4+ 39. Kh1 Rg7) 37. Kg1 $4 {[%mdl 8192]} (37. Kh2 $11) 37... Qxg3+ 38. Kh1 Qf3+ (38... Rf2 $142 39. Qxg6+ Qxg6 40. Rg1 {[#]} Rd1 $1 {[%mdl 512]} 41. Ree1 Rxe1 {[%mdl 64] Overworked Piece} 42. Rxe1 Qg2#) 39. Kg1 Qg3+ $2 $40 {[%mdl 128] Black has some attack.} (39... e5 $19 40. Qe3 Qf6) 40. Kh1 Rd2 $2 (40... Rf2 {mates} 41. Qxg6+ Qxg6 42. Rg4 Qxg4 43. Rg1 Rd1 {[%mdl 64] Back Rank} 44. Rxd1 Qxd1#) 41. Qxg6+ $2 {[%mdl 8192]} (41. Qxd2 $11 Rf2 42. Qd8+ Kh7 43. Qe7+ {[%mdl 64] Double Attack} Kh8 44. Qe8+ Kh7 45. Qe7+ Kh8 46. Qe8+ Kh7 47. Qe7+) 41... Qxg6 {[%csl Gd2][%cal Rg6g2] Black mates.} 42. Rg1 Qxg1+ 43. Kxg1 Rd1+ {Accuracy: White = 37%, Black = 39%.} (43... Rxb2 $142 44. Rxc4 Rf3 45. Rc8+ Kg7 46. Rc7+ Rf7 47. Rc4 Rd7 48. Rf4 Rd1+ 49. Rf1 Rxf1+ 50. Kxf1 Kf6 51. c4 Rh2 52. c5 Rxh4 53. Ke2 Rc4 54. c6 Rxc6 55. Ke3 Kf5 56. Kf3 h4 57. Kf2 h3 58. a4 h2 59. Kg2 Rc2+ 60. Kh1 Kf4 61. a5 Rc1+ 62. Kxh2 Kf3 63. Kh3 Rh1#) 0-1

[Event "Stay Safe Play From Home"]
[Site "T#646156Emanuel Laske"]
[Date "2020.05.18"]
[Round "2"]
[White "Haxhi Baha"]
[Black "Lamborghini"]
[Result "0-1"]
[WhiteElo "1959"]
[BlackElo "2307"]
[Annotator "TA"]
[PlyCount "104"]
[EventDate "2020.05.18"]
[EventType "swiss (blitz)"]

{[%evp 14,104,27,-4,0,0,47,34,81,87,95,95,66,69,68,71,82,84,92,83,88,45,60,45,35,25,45,12,33,0,61,63,51,0,116,116,108,-67,879,111,237,218,222,201,439,344,340,325,427,412,395,277,290,62,41,-1524,18,26,16,-680,29,0,1676,1469,2937,-8,29975,29976,29976,29977,29978,29977,29977,29978,29978,29977,29974,-183,-183,-183,-176,-176,-176,-169,-169,-162,-162,-162,-162,-154,-147,-140,-134]} 1. e4 c5 2. Nf3 d6 3. d4 cxd4 4. Nxd4 Nf6 5. Nc3 g6 6. Be2 Bg7 7. Be3 O-O 8. g4 Nc6 {B72: Sicilian Dragon: 6 Be3, lines with h3+Bc4 and sidelines.} 9. g5 Nd7 (9... Ng4 $5) 10. h4 Nxd4 {White is slightly better.} 11. Bxd4 Bxd4 12. Qxd4 Qb6 13. O-O-O Qxd4 14. Rxd4 Nb6 {[#]} 15. h5 $146 ({Predecessor:} 15. f4 Bd7 16. h5 Rfc8 17. Rdd1 Kg7 18. Rh2 f6 19. Rdh1 fxg5 20. hxg6 gxf4 21. Rxh7+ Kxg6 {½-½ (52) Frander,L (2267)-Teglas,M (2138) Hungary 2016}) 15... Be6 16. f4 Rac8 17. Rf1 Rc5 18. Bd3 Rfc8 19. hxg6 fxg6 20. f5 Bf7 21. f6 Kf8 ({Better is} 21... Rxg5 $11 22. fxe7 Re8) 22. fxe7+ $14 Kxe7 23. Nb5 (23. Nd5+ $14 Bxd5 24. exd5) 23... Rd8 {[#]} (23... Bxa2 $11 {keeps the balance.} 24. Nxd6 R8c7) 24. Nxd6 $1 $16 Rxd6 25. Rxf7+ $2 ({White must play} 25. Rxd6 $16 {And now Rdf6 would win.} Kxd6 26. Rxf7 {[%mdl 64] Double Attack}) 25... Ke6 $2 {[%mdl 8192]} (25... Kxf7 $15 26. Rxd6 Ke7) 26. Rxd6+ $2 (26. Rf6+ $18 {and the rest is easy.} Ke7 27. Rfxd6) 26... Kxd6 (26... Kxf7 $16 27. Rd8 Rxg5) 27. Rxh7 $18 {[%mdl 4096] Endgame KRB-KRN} Nd7 28. b4 Rc8 $2 (28... Rxg5 {might work better.} 29. a4 a6) 29. Rg7 Ne5 30. Kd2 Rb8 31. Ke3 a6 32. Kd4 b5 33. a4 $2 (33. Ke3 $18) 33... bxa4 $14 34. Ra7 $2 {[%mdl 8192]} (34. Kc3 $14) 34... Rxb4+ $2 (34... Nc6+ $19 35. Kc3 Nxa7) 35. Kc3 $11 Rb6 36. Bc4 $2 {[%mdl 8192]} (36. Bxa6 $11 Nf3 37. Bc4) 36... Kc5 $2 (36... Nxc4 $19 37. Rf7 a3) 37. Rc7+ Nc6 $2 {[%mdl 8192] [#]} (37... Kd6 $11 38. Rc8 a3) 38. Bd5 $1 $18 a3 39. Bxc6 $2 (39. Rxc6+ $18 Rxc6 40. Bxc6 Kxc6 41. Kb3) 39... Rxc6 $2 {[%mdl 8192]} (39... a2 $11 40. Bb5+ Kd6 41. Rd7+ Ke5 42. Rd5+ Kf4) 40. Rxc6+ Kxc6 {K3P-K3P} 41. Kb3 Kd6 42. Kxa3 {K3P-KPP} Ke5 43. Kb4 Kxe4 {KPP-KPP} 44. Kc5 a5 45. c4 $4 {[%mdl 8192]} (45. Kb5 {mates} Kd4 46. Kxa5 Ke4 47. c4 Kf5 48. c5 Kxg5 49. c6 Kh4 50. c7) 45... Kd3 $19 {...a4 is the strong threat.Black is clearly better.} 46. Kb5 {[#] aiming for c5.} a4 $1 {[%cal Ra4a3][%mdl 512]} 47. c5 (47. Kxa4 Kxc4) 47... a3 48. c6 {Black must now prevent c7.} a2 49. c7 a1=Q {( -> ...Qa8)} 50. c8=Q {Threatens to win with Qc4+.} Qb2+ 51. Ka6 Qa3+ 52. Kb7 {White threatens Qh3+ and mate.} Qb4+ {Both players deserved the win here. Accuracy: White = 45%, Black = 47%.} 0-1

[Event "Stay Safe Play From Home"]
[Site "T#646156Emanuel Laske"]
[Date "2020.05.18"]
[Round "2"]
[White "Greblah"]
[Black "Mepe_Nika"]
[Result "0-1"]
[WhiteElo "1885"]
[BlackElo "2296"]
[Annotator "RC"]
[PlyCount "86"]
[EventDate "2020.05.18"]
[EventType "swiss (blitz)"]

1. e4 {[%emt 0:00:01]} e5 {[%emt 0:00:01]} 2. Nf3 {[%emt 0:00:01]} Nc6 {[%emt 0:00:01]} 3. Bb5 {[%emt 0:00:01]} a6 {[%emt 0:00:00]} 4. Ba4 {[%emt 0:00:01]} Nf6 {[%emt 0:00:00]} 5. Qe2 {[%emt 0:00:01]} b5 {[%emt 0:00:01]} 6. Bb3 {[%emt 0:00:01]} Bc5 {[%emt 0:00:00]} 7. c3 {[%emt 0:00:01]} d6 {[%emt 0:00:01]} 8. d3 {[%emt 0:00:00]} O-O {[%emt 0:00:01]} 9. Bg5 {[%emt 0:00:01]} h6 {[%emt 0:00:01]} 10. Bh4 {[%emt 0:00:01]} Be6 {[%emt 0:00:01]} 11. Nbd2 {[%emt 0:00:03]} Bb6 {[%emt 0:00:01]} 12. O-O {[%emt 0:00:01]} Re8 {[%emt 0:00:02]} 13. Rad1 {[%emt 0:00:03]} Qd7 {[%emt 0:00:01]} 14. Bxf6 {[%emt 0:00:02]} gxf6 {[%emt 0:00:00]} 15. Nh4 {[%emt 0:00:01]} Kh7 {[%emt 0:00:01]} 16. Qh5 {[%emt 0:00:01]} Rg8 {[%emt 0:00:01]} 17. Ndf3 {[%emt 0:00:02]} Rg7 {[%emt 0:00:02]} 18. Nf5 {[%emt 0:00:01]} Bxf5 {[%emt 0:00:02]} 19. exf5 {[%emt 0:00:01]} Rag8 {[%emt 0:00:01]} 20. g3 {[%emt 0:00:01]} d5 {[%emt 0:00:03]} 21. Bc2 {[%emt 0:00:03]} Ne7 {[%emt 0:00:03]} 22. d4 {[%emt 0:00:01]} e4 {[%emt 0:00:01]} 23. Nh4 {[%emt 0:00:01]} Rg5 {[%emt 0:00:02]} 24. Qe2 {[%emt 0:00:02]} Nxf5 {[%emt 0:00:01]} 25. Nxf5 {[%emt 0:00:01]} Qxf5 {[%emt 0:00:00]} 26. f3 {[%emt 0:00:01]} Qh3 {[%emt 0:00:07]} 27. Qg2 {[%emt 0:00:02]} Rxg3 {[%emt 0:00:01]} 28. hxg3 {[%emt 0:00:02]} Rxg3 {[%emt 0:00:00]} 29. Bxe4+ {[%emt 0:00:04]} dxe4 {[%emt 0:00:02]} 30. Qxg3 {[%emt 0:00:03]} Qxg3+ {[%emt 0:00:00]} 31. Kh1 {[%emt 0:00:01]} Qh3+ {[%emt 0:00:02]} 32. Kg1 {[%emt 0:00:01]} Qg3+ {[%emt 0:00:01]} 33. Kh1 {[%emt 0:00:00]} e3 {[%emt 0:00:02]} 34. Rde1 {[%emt 0:00:02]} Qf4 {[%emt 0:00:02]} 35. Re2 {[%emt 0:00:01]} c5 {[%emt 0:00:01]} 36. Rh2 {[%emt 0:00:02]} cxd4 {[%emt 0:00:01]} 37. Rh3 {[%emt 0:00:02]} d3 {[%emt 0:00:01]} 38. Kg2 {[%emt 0:00:01]} e2 {[%emt 0:00:01]} 39. Rfh1 {[%emt 0:00:00]} d2 {[%emt 0:00:01]} 40. Rxh6+ {[%emt 0:00:02]} Qxh6 {[%emt 0:00:00]} 41. Rxh6+ {[%emt 0:00:01]} Kxh6 {[%emt 0:00:00]} 42. f4 {[%emt 0:00:01]} e1=Q {[%emt 0:00:00]} 43. Kf3 {[%emt 0:00:00]} d1=Q+ {[%emt 0:00:01] Zeit (Lag: Av=0.28s, max=0.6s)} 0-1

[Event "Stay Safe Play From Home"]
[Site "T#646156Emanuel Laske"]
[Date "2020.05.18"]
[Round "2"]
[White "Haris kollari 13"]
[Black "Toosieslide"]
[Result "0-1"]
[WhiteElo "1696"]
[BlackElo "2192"]
[Annotator "NA RC"]
[PlyCount "72"]
[EventDate "2020.05.18"]
[EventType "swiss (blitz)"]

1. e4 {[%emt 0:00:01]} e5 {[%emt 0:00:02]} 2. Nf3 {[%emt 0:00:00]} Nc6 {[%emt 0:00:01]} 3. Bb5 {[%emt 0:00:00]} a6 {[%emt 0:00:01]} 4. Ba4 {[%emt 0:00:01]} Nf6 {[%emt 0:00:01]} 5. d3 {[%emt 0:00:01]} b5 {[%emt 0:00:02]} 6. Bb3 {[%emt 0:00:02]} Be7 {[%emt 0:00:02]} 7. Nc3 {[%emt 0:00:01]} O-O {[%emt 0:00:01]} 8. h3 {[%emt 0:00:01]} d6 {[%emt 0:00:01]} 9. Bg5 {[%emt 0:00:01]} Na5 {[%emt 0:00:01]} 10. Qd2 {[%emt 0:00:01]} Nxb3 {[%emt 0:00:01]} 11. axb3 {[%emt 0:00:00]} c6 {[%emt 0:00:01]} 12. g4 {[%emt 0:00:02]} Be6 {[%emt 0:00:01]} 13. Nh2 {[%emt 0:00:02]} Qc7 {[%emt 0:00:01]} 14. Rf1 {[%emt 0:00:01]} d5 {[%emt 0:00:01]} 15. O-O-O {[%emt 0:00:06]} Rfd8 {[%emt 0:00:04]} 16. f3 {[%emt 0:00:03]} b4 {[%emt 0:00:02]} 17. Ne2 {[%emt 0:00:01]} dxe4 {[%emt 0:00:01]} 18. Bxf6 {[%emt 0:00:03]} e3 {[%emt 0:00:06]} 19. Qxe3 {[%emt 0:00:02]} Bxf6 {[%emt 0:00:01]} 20. g5 {[%emt 0:00:02]} Be7 {[%emt 0:00:01]} 21. h4 {[%emt 0:00:01]} a5 {[%emt 0:00:01]} 22. Kd2 {[%emt 0:00:03]} a4 {[%emt 0:00:01]} 23. bxa4 {[%emt 0:00:01]} Rxa4 {[%emt 0:00:01]} 24. Ra1 {[%emt 0:00:01]} Qa5 {[%emt 0:00:03]} 25. Rxa4 {[%emt 0:00:03]} Qxa4 {[%emt 0:00:00]} 26. b3 {[%emt 0:00:01]} Qa2 {[%emt 0:00:06]} 27. Qb6 {[%emt 0:00:04]} Bxb3 {[%emt 0:00:02]} 28. Rc1 {[%emt 0:00:01]} Be6 {[%emt 0:00:02]} 29. Ng4 {[%emt 0:00:01]} Bxg4 {[%emt 0:00:02]} 30. fxg4 {[%emt 0:00:01]} Qe6 {[%emt 0:00:01]} 31. Rg1 {[%emt 0:00:02]} e4 {[%emt 0:00:01]} 32. d4 {[%emt 0:00:01]} e3+ {[%emt 0:00:01]} 33. Kd3 {[%emt 0:00:01]} Re8 {[%emt 0:00:01]} 34. Ng3 {[%emt 0:00:02]} Bd8 {[%emt 0:00:00]} 35. Qxb4 {[%emt 0:00:03]} Qxg4 {[%emt 0:00:00]} 36. Qc4 {[%emt 0:00:02] .} e2 {[%emt 0:00:01] Time (Lag: Av=0.55s, max=0.8s)} 0-1

[Event "Stay Safe Play From Home"]
[Site "T#646156Emanuel Laske"]
[Date "2020.05.18"]
[Round "2"]
[White "Tavares"]
[Black "Trotsky"]
[Result "0-1"]
[WhiteElo "1674"]
[BlackElo "1563"]
[Annotator "NA RC"]
[PlyCount "40"]
[EventDate "2020.05.18"]
[EventType "swiss (blitz)"]

1. d4 {[%emt 0:00:05]} d5 {[%emt 0:00:01]} 2. c4 {[%emt 0:00:01]} e6 {[%emt 0:00:00]} 3. Nc3 {[%emt 0:00:01]} c5 {[%emt 0:00:01]} 4. cxd5 {[%emt 0:00:01]} exd5 {[%emt 0:00:02]} 5. Nf3 {[%emt 0:00:01]} Be6 {[%emt 0:00:01]} 6. e3 {[%emt 0:00:01]} c4 {[%emt 0:00:01]} 7. Be2 {[%emt 0:00:02]} Nc6 {[%emt 0:00:01]} 8. O-O {[%emt 0:00:00]} a6 {[%emt 0:00:01]} 9. b3 {[%emt 0:00:00]} Nf6 {[%emt 0:00:01]} 10. bxc4 {[%emt 0:00:01]} Bd6 {[%emt 0:00:01]} 11. Rb1 {[%emt 0:00:03]} Qd7 {[%emt 0:00:01]} 12. c5 {[%emt 0:00:02]} Be7 {[%emt 0:00:03]} 13. Bd2 {[%emt 0:00:03]} Qc7 {[%emt 0:00:01]} 14. Qc2 {[%emt 0:00:01]} Ng4 {[%emt 0:00:01]} 15. Rfc1 {[%emt 0:00:01]} h5 {[%emt 0:00:04]} 16. h3 {[%emt 0:00:01]} O-O-O {[%emt 0:00:01]} 17. e4 {[%emt 0:00:01]} Kb8 {[%emt 0:00:06]} 18. exd5 {[%emt 0:00:01]} Nxd4 {[%emt 0:00:02]} 19. Nxd4 {[%emt 0:00:01]} Qh2+ {[%emt 0:00:01]} 20. Kf1 {[%emt 0:00:02]} Qh1# {[%emt 0:00:01] (Lag: Av=0.32s, max=0.6s)} 0-1

[Event "Stay Safe Play From Home"]
[Site "T#646156Emanuel Laske"]
[Date "2020.05.18"]
[Round "3"]
[White "Toosieslide"]
[Black "Mepe_Nika"]
[Result "0-1"]
[WhiteElo "2193"]
[BlackElo "2299"]
[Annotator "TA"]
[PlyCount "96"]
[EventDate "2020.05.18"]
[EventType "swiss (blitz)"]

{[%evp 13,96,-28,-3,-29,-25,-8,0,-59,0,-162,-100,-136,-138,-158,-121,-131,-133,-138,-140,-234,-240,-314,-319,-384,-383,-652,-637,-656,-657,-648,-651,-611,-521,-853,-849,-822,-808,-962,-950,-967,-965,-937,-909,-1537,-1208,-1349,-1299,-2182,-2090,-2501,-2260,-2867,-2849,-29986,-29987,-4353,-3475,-29990,-29990,-29990,-29985,-29981,-29982,-29982,-29980,-29986,-29979,-29993,-29994,-29994,-29995,-29997,-29995,-29995,-29995,-29997,-29997,-29997,-29997,-29998,-29997,-29998,-29998,-29998,-29999]} 1. d4 d5 2. c4 c6 3. Nc3 Nf6 4. Nf3 e6 5. g3 dxc4 6. Bg2 b5 7. O-O Nbd7 8. Ne5 {E01: Catalan: Early deviations.} Nxe5 9. dxe5 Nd5 10. Qc2 (10. a4 $11) 10... Bb7 {[#]} (10... Be7 $15) 11. e4 $146 {[#]} (11. b3 $11 {and White has nothing to worry.}) ({Predecessor:} 11. Ne4 Qc7 12. b3 c3 13. Nxc3 Rc8 14. Nxd5 cxd5 15. Qxc7 Rxc7 16. Be3 Bc6 17. a4 bxa4 18. bxa4 {½-½ (28) Rohde,U (2194)-Seegers,H (2201) Germany 2010}) 11... Nxc3 ({Better is} 11... Nb4 $1 $19 {[%cal Rb4c2]} 12. Qe2 Nd3) 12. bxc3 Bc5 13. a4 a6 14. Ba3 Qe7 15. Bxc5 Qxc5 16. axb5 (16. Rfd1 $17) 16... cxb5 $19 17. Kh1 O-O ({Don't do} 17... Qxe5 18. f4 $19) 18. f4 a5 19. Rfb1 $2 (19. Qf2 Qxf2 20. Rxf2) 19... b4 20. Qe2 b3 21. Ra4 Rfc8 22. Bf1 Ba6 23. Bg2 Bb5 24. Raa1 a4 25. f5 a3 26. Rf1 b2 27. Ra2 Qxe5 28. f6 gxf6 29. Qg4+ Kh8 30. Qh4 Rd8 31. h3 Ba4 32. Kh2 Bb3 33. Rxb2 axb2 34. Rxf6 Rg8 35. Rh6 Rg7 {Black mates.} 36. Rh5 Qxh5 {[%mdl 64] [#] Promotion} 37. Qxh5 b1=Q 38. Qe5 Qd3 39. h4 Rag8 40. h5 Qxg3+ 41. Qxg3 Rxg3 42. h6 Rxc3 43. Kh1 Rc2 44. Kh2 Rgxg2+ 45. Kh3 Rcf2 46. e5 c3 47. Kh4 c2 48. Kh5 c1=Q {White got outplayed after the opening. Accuracy: White = 29%, Black = 82%.} 0-1

[Event "Stay Safe Play From Home"]
[Site "T#646156Emanuel Laske"]
[Date "2020.05.18"]
[Round "3"]
[White "Panini-Peter"]
[Black "Lamborghini"]
[Result "0-1"]
[WhiteElo "2077"]
[BlackElo "2311"]
[Annotator "TA"]
[PlyCount "86"]
[EventDate "2020.05.18"]
[EventType "swiss (blitz)"]

{[%evp 16,86,56,27,24,22,122,128,121,122,140,108,132,106,146,140,880,875,862,806,805,820,822,819,837,841,835,803,806,-125,-124,-120,-121,-219,-209,-214,-46,-46,0,0,-9,-57,-39,-62,-52,-42,-34,-58,-30,-38,0,-110,-104,-148,-145,-637,-630,-630,-630,-606,-584,-890,-593,-709,-672,-875,-871,-1423,-1327,-1224,-1177,-29990,-29991]} 1. d4 Nf6 2. c4 g6 3. Nc3 Bg7 4. e4 O-O 5. f3 d6 6. Be3 b6 7. Qd2 c5 8. d5 e6 9. Nge2 exd5 $1 {E82: King's Indian: Sämisch: 6...b6.} 10. cxd5 {[#]} b5 $146 (10... Ba6 $11) ({Predecessor:} 10... Ba6 11. a4 Nbd7 12. Nb5 Bxb5 13. axb5 Nh5 14. Nc3 f5 15. Be2 f4 16. Bf2 Be5 {½-½ (39) Chandra,A (2528)-Iturrizaga Bonelli,E (2635) Zuerich 2019}) 11. Nxb5 $16 a6 {White is better.} 12. Nbc3 Nbd7 13. Nf4 Rb8 14. Be2 Qb6 15. Nd3 c4 $2 {[%mdl 8192]} (15... a5 $16 16. Rc1 Ba6) 16. Bxb6 $18 Nxb6 17. Nf4 Nfd7 18. O-O Ne5 19. Rfc1 Bh6 20. g3 Bd7 21. Qd4 Bg7 22. b3 $2 (22. Qe3 $18) 22... Nxf3+ $1 $17 {[%mdl 64] [#] Discovered Attack} 23. Bxf3 Bxd4+ 24. Kg2 (24. Kh1 $17) 24... cxb3 $19 25. axb3 {[#]} Rfc8 $2 (25... g5 $1 $19 {[%cal Rg5f4]} 26. Nh5 Rfc8) 26. Nfe2 $15 Be5 27. Rxa6 Be8 28. Na4 Nxa4 29. bxa4 Rxc1 30. Nxc1 Rb2+ 31. Ne2 Kg7 {[%mdl 1024] Black has compensation.} 32. Ra8 Bd7 33. a5 (33. Ra7 $11 {keeps the balance.} Be8 34. Ra8) 33... Ra2 34. a6 Bb5 {[%mdl 64] Double Attack} 35. a7 $2 {[%mdl 8192]} (35. Kf1 $17) 35... Bxe2 $19 36. Bxe2 Rxe2+ {[%mdl 4160] Endgame Double Attack. KRB-KR} 37. Kf3 Ra2 38. h3 h5 39. Ke3 Ra3+ 40. Kd2 Bxg3 41. Rb8 Bf4+ {[%mdl 64] Discovered Attack} 42. Kc2 Rxa7 43. Rb7 Rxb7 {A wild game. Accuracy: White = 32%, Black = 50%.} 0-1

[Event "Stay Safe Play From Home"]
[Site "T#646156Emanuel Laske"]
[Date "2020.05.18"]
[Round "3"]
[White "Lazieri3"]
[Black "Greblah"]
[Result "1-0"]
[WhiteElo "2046"]
[BlackElo "1882"]
[Annotator "TA"]
[PlyCount "115"]
[EventDate "2020.05.18"]
[EventType "swiss (blitz)"]

{[%evp 9,115,0,35,14,30,6,37,-19,-20,-27,0,0,-7,-6,13,19,49,0,0,0,0,0,22,24,104,106,97,-4,0,0,20,0,0,0,0,0,0,0,0,-14,-7,-80,-108,-100,-74,-75,0,0,0,-32,-3,-3,8,8,8,8,8,-4,0,0,8,8,8,8,8,8,8,0,8,0,1047,425,1025,1034,1008,885,29991,29992,29992,29993,29993,29991,29991,29991,29993,29992,29992,29993,29993,29994,29994,29995,29995,29995,29995,29995,29995,29995,29995,29996,29996,29997,29997,29998,29998,29998,29998,29999]} 1. e4 c6 2. e5 d5 3. exd6 exd6 4. d4 d5 5. Nf3 {[#]} g6 $146 ({Predecessor:} 5... Bd6 6. c4 Nf6 7. Bd3 O-O 8. O-O dxc4 9. Bxc4 Bg4 10. h3 Bh5 11. Nc3 Nbd7 {1-0 (36) Chigaev,M (2494)-Girya,O (2457) Wroclaw 2014}) 6. c3 {B10: Caro-Kann: 2 d3 and 2 c4.} Bg7 7. Be3 Nh6 8. h3 (8. Bd3 $14) 8... O-O $11 9. Be2 Nf5 10. Bf4 Nd7 11. O-O Nf6 12. Nbd2 Ne4 13. Nxe4 dxe4 14. Nd2 Re8 15. Bg4 Ne7 16. Bxc8 Nxc8 (16... Qxc8 $11 17. f3 (17. Nxe4 Qf5 $11 {[%mdl 64] Double Attack}) 17... exf3) 17. Re1 $16 f5 18. Nc4 (18. Qb3+ $16 Qd5 19. f3 (19. Qxb7 Nb6 $16)) 18... Nb6 $11 19. Nxb6 axb6 20. f3 exf3 21. Qxf3 b5 22. a3 Qd5 23. Qxd5+ cxd5 24. Kf2 Re4 25. Be5 (25. Rxe4 $11 {remains equal.} fxe4 26. Rf1) 25... Bxe5 $17 26. dxe5 Re8 27. Rxe4 fxe4 {[%mdl 4096] Endgame KR-KR} (27... dxe4 $17 28. Rd1 Rxe5) 28. Ke3 Rxe5 29. Kd4 Rf5 30. g4 Rg5 31. a4 bxa4 32. Rxa4 h5 33. Ra8+ Kg7 34. Ra7 Kh6 35. Rxb7 hxg4 36. hxg4 Rxg4 37. Kxd5 {aiming for b4.} e3 38. Re7 Rg2 39. b4 Rc2 $2 {[%mdl 8192] White now steadily converts the win.} (39... Rd2+ $11 40. Ke4 e2) 40. Kd4 (40. Rxe3 $142 Rb2 41. Re8) 40... e2 {[#]} (40... Rd2+ $142 41. Kxe3 Rd1) 41. Kd3 $1 $18 {[%mdl 576] Double Attack} Rb2 42. Rxe2 g5 43. Rxb2 {KR-KP. White mates.} g4 44. b5 Kg5 {[#]} 45. Rg2 $1 Kf4 {[#]} 46. Rxg4+ $1 {KR-K} Kf3 {[#]} (46... Kxg4 47. b6) 47. b6 $1 Kxg4 {KP-KP} 48. b7 Kf4 49. b8=Q+ Kf5 50. Qe8 Kf6 51. c4 Kf5 52. c5 Kf4 53. c6 Kg5 54. c7 Kf4 55. c8=Q {[%csl Gd3][%cal Re8e3]} Kg5 56. Qce6 Kf4 57. Q6f7+ Kg5 58. Qeg8+ {Accuracy: White = 76%, Black = 67%.} 1-0

[Event "Stay Safe Play From Home"]
[Site "T#646156Emanuel Laske"]
[Date "2020.05.18"]
[Round "3"]
[White "Haxhi Baha"]
[Black "SoulofWolf"]
[Result "1-0"]
[WhiteElo "1955"]
[BlackElo "2167"]
[Annotator "TA"]
[PlyCount "67"]
[EventDate "2020.05.18"]
[EventType "swiss (blitz)"]

{[%evp 13,67,25,50,46,123,132,160,105,112,111,121,118,102,100,141,90,359,356,479,484,769,770,1541,1468,1518,1520,1755,1678,2360,2344,2337,2322,2301,2102,2072,2005,29983,29984,29984,29986,29989,29977,29992,29993,29993,29994,29994,29995,29997,29995,29996,29996,29997,29998,29998,29999]} 1. e4 c5 2. Nf3 e6 3. d4 cxd4 4. Nxd4 a6 5. Nc3 Nc6 6. f4 Nxd4 7. Qxd4 Qc7 8. Be3 {[#] B47: Sicilian: Taimanov: 5 Nc3 Qc7 6 f4, 6 g3 and 6 Be2.} f6 $146 (8... b5 $14) ({Predecessor:} 8... b5 9. O-O-O Bb7 10. Bd3 Rc8 11. Kb1 Nh6 12. Rhe1 f6 13. a4 b4 14. Na2 Bd6 15. e5 fxe5 16. fxe5 {½-½ (56) Naiditsch,A (2709)-Negi,P (2645) Tromsoe 2014}) 9. O-O-O $16 Ne7 10. g4 (10. Kb1 $142) 10... Nc6 11. Qd3 Bb4 12. a3 Be7 13. h4 O-O 14. g5 (14. Na4 $142) 14... Rd8 $2 {[%mdl 8192] [#] Now Black is done in.} (14... b5 $16) 15. h5 $18 d5 16. exd5 exd5 (16... b5 $142 17. gxf6 Bxf6) 17. Nxd5 Be6 18. Nxc7 Rxd3 19. Bxd3 Re8 20. Nxe8 Kf7 21. gxf6 gxf6 22. Nc7 Bg4 23. Rdg1 f5 24. h6 Bd6 {[#]} 25. Rxg4 $1 {White mates.} fxg4 26. Bxh7 Bxc7 27. Be4 Ne7 28. h7 Ng6 29. Bxg6+ Kxg6 30. h8=Q Kf5 31. Qh5+ Ke6 32. Qxg4+ Kd6 33. Rh6+ Ke7 34. Qg7+ {Accuracy: White = 77%, Black = 19%.} 1-0